| 000 | 00674nam a2200253Ia 4500 | ||
|---|---|---|---|
| 005 | 20250425162332.0 | ||
| 008 | 250425s9999 xx 000 0 und d | ||
| 020 | _a9789942013613 | ||
| 041 | _aspa | ||
| 043 | _aec | ||
| 082 | _a352.007 | ||
| 100 | _aCOSUDE | ||
| 245 | 0 | _aUNIVERSIDADES, GOBIERNOS LOCALES Y DESCENTRALIZACION. FASE 2. | |
| 250 | _a1A ED. | ||
| 260 |
_aEcuador _bPROMODE-GTZ _c2007 |
||
| 260 |
_aQUITO _bGTZ |
||
| 300 | _a152 | ||
| 500 | _aCOOPERACION TECNICA ALEMANA (GTZ) | ||
| 650 | _aMUNICIPIO DE LOJA-FUNCIONES GENERALES | ||
| 650 | _aSISTEMA DE GESTION AMBIENTAL AZUAY-ANALISIS | ||
| 710 | _aCOSUDE | ||
| 942 | _c01 | ||
| 010 | _a63363 | ||
| 999 |
_c227101 _d227101 |
||